Normal view MARC view
  • Dr.Khalid Parvez (Supervisor)

Entry Personal Name

Number of records used in: 2

001 - CONTROL NUMBER

  • control field: 14950

003 - CONTROL NUMBER IDENTIFIER

  • control field: NUST

005 - DATE AND TIME OF LATEST TRANSACTION

  • control field: 20190617062014.0

008 - FIXED-LENGTH DATA ELEMENTS

  • fixed length control field: 190617|| aca||aabn | a|a d

040 ## - CATALOGING SOURCE

  • Original cataloging agency: NUST
  • Transcribing agency: NUST

100 ## - HEADING--PERSONAL NAME

  • Personal name: Dr.Khalid Parvez (Supervisor)

670 ## - SOURCE DATA FOUND

  • Source citation: Work cat.: (NUST)24484: Ammar Mushtaq 14949, MS-Thesis:Perametric Study of Tip Injection Stability of Transonic Axial Flow Compressor, 2010
© 2023 Central Library, National University of Sciences and Technology. All Rights Reserved.